Normal view
MARC view
Entry Topical Term
001 - CONTROL NUMBER
- control field: 32117
003 - CONTROL NUMBER IDENTIFIER
- control field: OSt
005 - DATE AND TIME OF LATEST TRANSACTION
- control field: 20260303140234.0
008 - FIXED-LENGTH DATA ELEMENTS
- fixed length control field: 260303|| aca||aabn | a|a d
040 ## - CATALOGING SOURCE
- Original cataloging agency: OSt
- Transcribing agency: OSt
150 ## - HEADING--TOPICAL TERM
- Topical term or geographic name entry element: Bedtime stories
- Form subdivision: Juvenile literature
670 ## - SOURCE DATA FOUND
- Source citation: Work cat.: (OSt): Yee, Patrick. 32116, 7 best things about bedtime / , 2023.